000 01892nam0a2200325 i 4500
001 RU\NLR\BIBL_A\011466257
005 20240921154436.0
010 _a9785929318818
_9100
021 _aRU
_b2017-44540
_94190
035 _a(RuMoRGB)008961088
035 _a(NLR Aleph) 011466257
090 _a11830324
_c11830324
100 _a20170905d2017 u y0rusy50 ca
101 0 _arus
102 _aRU
105 _aa|||j|||000yy
200 1 _aИстория и современное состояние молодёжной политики за рубежом
_eучебное пособие
_fА.В. Шапиева, А.В. Терентьева
_gМинистерство образования и науки Российской Федерации, Федеральное государственное бюджетное образовательное учреждение высшего образования "Забайкальский государственный университет"
210 _aЧита
_cЗабайкальский государственный университет
_d2017
215 _a134 с.
_cил., табл.
_d20
320 _aБиблиогр.: с. 129-134 (63 назв.) и в конце ст.
606 1 _aМолодежная политика
_jУчебные издания для высших учебных заведений
_yЗарубежные страны
_92543058
_3RU\NLR\AUTH\661505373
686 _aС555.325.1я73-1
_2rubbk
686 1 _aС550.325.1я73
686 1 _aТ3(0)63-298я73
700 1 _aШапиева
_bА. В.
_gАнна Викторовна
701 1 _aТерентьева
_bА. В.
_cпреподаватель, социология
_gАнастасия Вадимовна
_9157621
_3RU\NLR\AUTH\770157661
942 _cBOOK
980 _aNBR